000 00579nam a22002057a 4500
001 649
005 20230926102440.0
040 _aFISKH
_beng
_cFISKH
_dFISKH
050 _aGC21.M33
082 _a551.46
100 _aTordjman, N
245 _aDiscover animals: sea mammals around Britain's coats
260 _aPetereborough :
_bBayard Presse.
_c2000.
300 _a64 pages :
_c22 cm
505 _aK
520 _aA pictorial description of different ocean activities and mammals.
521 _a510
_bLexile Estimate
521 _aK
_bRaz-Plus Estimate
942 _2ddc
_cBK
_n0
999 _c649
_d649